Statystyki dla Państwa kończące się na -bia

Kliknij tutaj aby rozwiązać quiz!

Ogólne statystyki

  • Ten quiz został rozwiązany 31 287 razy
    (31 264 od ostatniego zresetowania)
  • Średni wynik to 3 z 6

Statystyki odpowiedzi

Państwo% Poprawnych
Zambia
58%
Namibia
54%
Libia
53%
Kolumbia
45%
Gambia
38%
Serbia
32%

Rozkład punktacji

Percentyl według liczby udzielonych odpowiedzi

Procent ludzi z każdym wynikiem

Twoja historia wyników

Nie rozwiązałeś tego quizu od ostatniego zresetowania